La investigación científica: su estrategia y su filosofía (Registro nro. 2909)

Detalles MARC
000 -Cabecera
Campo de control de longitud fija 00890aam a2200349 4500
005 - Fecha y hora de la última transacción
Campo de control 20260305193117.0
008 - Elementos de longitud fija--Información general
Campo de control de longitud fija 150618b2009 xxu||||| |||| 00| 0 spa d
041 ## - Idioma
Código de idioma Español
082 ## - Clasificación Decimal Dewey
Número de clasificación 001.42 B942i
100 ## - Entrada principal--Autor personal
Nombre personal Bunge, Mario
245 ## - Título propiamente dicho
Título La investigación científica: su estrategia y su filosofía
260 ## - Pie de imprenta
Lugar de publicación, distribución, etc. España
260 ## - Pie de imprenta
Nombre del editor, distribuidor, etc. Siglo Veintiuno
260 ## - Pie de imprenta
Fecha de publicación, distribución, etc. 2009
300 ## - Descripción física
Extensión 824 páginas
490 ## - Serie
Título de la Serie Temática General
650 ## - Materia general
Temática (materia general) MÉTODOS DE INVESTIGACIÓN
650 ## - Materia general
Temática (materia general) INVESTIGACIÓN CIENTÍFICA
650 ## - Materia general
Temática (materia general) ENFOQUE CIENTÍFICO
650 ## - Materia general
Temática (materia general) IDEAS CIENTÍFICAS
650 ## - Materia general
Temática (materia general) PROBLEMA
650 ## - Materia general
Temática (materia general) HIPÓTESIS
650 ## - Materia general
Temática (materia general) LEY
650 ## - Materia general
Temática (materia general) TEORÍA ESTÁTICA
650 ## - Materia general
Temática (materia general) TEORÍA DINÁMICA
650 ## - Materia general
Temática (materia general) EXPLICACIÓN
650 ## - Materia general
Temática (materia general) PREDICCIÓN
650 ## - Materia general
Temática (materia general) ACCIÓN
650 ## - Materia general
Temática (materia general) OBSERVACIÓN
650 ## - Materia general
Temática (materia general) EXPERIMENTO
942 ## - Punto de acceso adicional KOHA
Tipo de ítem KOHA Libro
Fuente del sistema de clasificación o colocación Dewey Decimal Classification
Existencias
Signatura completa Código de barras Programa Académico Tipo de ítem
001.42 B942i 16356 Temática General Libro